000 00258nam a22001097a 4500
008 160505b xxu||||| |||| 00| 0 eng d
020 _a1564589927
041 _aeng
080 _a611
245 _aThe human body:
_cEdited by: Charles Clayman;
942 _2udc
_cBK
999 _c1827
_d1827